| 000 | 00538cam a2200193 4500 | ||
|---|---|---|---|
| 001 | ##L131808 | ||
| 008 | 051209n2005 000 0 eng u | ||
| 020 | _a1405707038 | ||
| 035 | _a(Sirsi) u131808 | ||
| 041 | 0 | _aeng | |
| 050 | _a690.026 | ||
| 100 | 1 |
_aFurmston, Michael _xEditor |
|
| 245 | 0 | 0 |
_aConstruction law reports _bindex volume _bvolumes 1 to 100 |
| 260 |
_aLondon _bLexisNexis Butterworths _c2005 |
||
| 300 |
_a137p. _c24cm. |
||
| 490 | _aConstruction Law Reports | ||
| 690 |
_aConstruction management _96230 |
||
| 942 | _n0 | ||
| 999 |
_c104845 _d104845 |
||